00713nam a22001817a 4500003000800000005001700008008004100025020001500066040002100081082001900102110006000121245017800181260004000359300002400399504006100423650002300484650002400507BD-DhUL20180510102621.0180510s1999 nyu||||| |||| 00| 0 eng d a9211231299 aBD-DhULcBD-DhUL a338.47355bUNR2 aUnited Nations. Department of Economic & Social Affairs10aRestructuring & reform : bbusiness development opportunities in military industry conversion to civilian markets / cUnited Nations. Department of Economic & Social Affairs aNew York : bUnited Nations, c1999 ax, 335 p. ;c 28 cm aGlossary: p. 331-335 Includes bibliographical references 0aDefense industries 0aEconomic conversion